000 00333nam a2200133Ia 4500
008 230917s9999||||xx |||||||||||||| ||und||
040 _e71301
_aMAIN
041 _aEnglish
082 _a595.7 S32I
245 0 _aInsects: the yearbook of agriculture
260 _aNew Delhi
_bOxford & IBH
_c1969
300 _axvi, 780 p.
942 _cBK
999 _c52562
_d52562